Catàleg il·lustrat de les sales i dependències de la Casa-Museu Pau Casals : publicat per la Fundació Pau Casals en ocasió del centenari del mestre 1876 - 1976 publicat per la Fundació Pau Casals en ocasió del centenari del mestre 1876 - 1976
Descripción Física:
[46] p. : principalment il.; 27 cm
MARC
| LEADER | 00000nam a2200000Ia 4500 | ||
|---|---|---|---|
| 001 | 21482 | ||
| 003 | BGR | ||
| 005 | 20260324180014.0 | ||
| 008 | 160829s1976 xx 000 0 cat d | ||
| 080 | |a FU-40-11 | ||
| 245 | |a Catàleg il·lustrat de les sales i dependències de la Casa-Museu Pau Casals : |b publicat per la Fundació Pau Casals en ocasió del centenari del mestre 1876 - 1976 | ||
| 260 | |a Sant Salvador - El Vendrell : |b Fundació Pau Casals, |c 1976 | ||
| 300 | |a [46] p. : |b principalment il.; |c 27 cm | ||
| 590 | |a Patrocinat per la Diputació Provincial de Barcelona. | ||
| 590 | |a Prové de S-462, exp. 187 | ||
| 650 | |a Casals, Pau |9 43581 | ||
| 650 | |a Casa-Museu Pau Casals |x Catàlegs |9 43582 | ||
| 710 | 1 | |a Casa-Museu Pau Casals |9 70922 | |
| 710 | 2 | |a Fundació Pau Casals |9 70921 | |
| 901 | |a Arxiu | ||
| 942 | |n 1 |2 udc |c MON | ||
| 952 | |0 0 |1 0 |4 0 |6 FU4011 |7 1 |9 51518 |a Arxiu |b Arxiu |d 2016-12-01 |l 0 |o FU-40-11 |p 21482 |r 2016-12-01 00:00:00 |w 2016-12-01 |y ARXIU | ||
| 999 | |c 55363 |d 55363 | ||